00622nam a22001817a 450000500170000001000140001702000260003103500130005703700130007008200080008310000190009124501200011025000180023026000570024827000840030530000320038950000190042120100731145342.0 aENG-97532 a9788180386275c895.00 aEN-81065 bDBAD/PUB a340 aPrasanna Singh aPrinciples of statutory interpretation :balso containing general clauses act, 1897 with notes /cby Prasanna Singh a12th rev. ed. aHaryanabLexisNexis Butterworths Wadhwa Nagpurc2010 a14th Floor, Building No. 10, Tower-B, DLF Cyber City, Phase-IIbGurgaone122002 accclxvi, 1236p.c21cm (pbk) aincludes index